| 000 | 00398nam a22001337a 4500 | ||
|---|---|---|---|
| 082 |
_a502.80294 _bGIR |
||
| 100 |
_aGeorge ltd, Griffin, _938922 |
||
| 245 |
_aGriffin & George laboratory equipment catalogue 72 _cGriffin, George ltd |
||
| 260 |
_aAlperton : _bEngland, |
||
| 300 |
_a1073 p. : _bill. ; _c24 cm.+ |
||
| 526 |
_a0 _b0 _c0 _d502_802940000000000_GIR |
||
| 650 |
_aMCE _9379 |
||
| 942 |
_2ddc _cBK |
||
| 999 |
_c543529 _d543529 |
||